000 00838nam0a22002291 4500
001 rc\3417015
005 20250609232521.0
035 _a(NLR Aleph) 007554994
090 _a5241921
_c5241921
100 _a20130115d1970 |||y0rusy50 ca
101 0 _arus
102 _aRU
105 _ay z |||||
200 1 _aРезультаты ракетного зондирования атмосферы
_eО. Хейса
_eБюллетень
_fГл. упр. гидрометеорол. службы при Совете Министров СССР. Центр. аэрол. обсерватория
210 _aМосква
_cБ. и.
_d1970
309 _aОтпеч. множит. аппаратом
702 1 _aХейс
_bО.
_4570
801 0 _aRU
_bNLR
_gpsbo
801 1 _aRU
_bELAR
_2rusmarc
852 _aNLR
_jП8/1026
942 _cBOOK
980 _aNB